The world of Islam/ (Record no. 20401)
[ view plain ]
| 000 -LEADER | |
|---|---|
| fixed length control field | 00806cam a2200241u 4500 |
| 001 - CONTROL NUMBER | |
| control field | 9360243 |
| 003 - CONTROL NUMBER IDENTIFIER | |
| control field | BDDh-ASL |
| 005 - DATE AND TIME OF LATEST TRANSACTION | |
| control field | 20231015025902.0 |
| 008 - FIXED-LENGTH DATA ELEMENTS--GENERAL INFORMATION | |
| fixed length control field | 830630s1960 enkac 000 0beng |
| 010 ## - LIBRARY OF CONGRESS CONTROL NUMBER | |
| LC control number | 59065130 |
| 040 ## - CATALOGING SOURCE | |
| Original cataloging agency | DLC |
| Transcribing agency | CarP |
| Modifying agency | DLC |
| -- | BDDh-ASL |
| 050 00 - LIBRARY OF CONGRESS CALL NUMBER | |
| Classification number | BP20 |
| Item number | .K7 1959 |
| 082 ## - DEWEY DECIMAL CLASSIFICATION NUMBER | |
| Classification number | 297.09 |
| Item number | KRW |
| 100 1# - MAIN ENTRY--PERSONAL NAME | |
| Personal name | Kritzeck, James, [from old catalog] |
| Relator term | ed. |
| 245 14 - TITLE STATEMENT | |
| Title | The world of Islam/ |
| Remainder of title | studies in honour of Philip K. Hitti. |
| 260 ## - PUBLICATION, DISTRIBUTION, ETC. | |
| Place of publication, distribution, etc. | London: |
| Name of publisher, distributor, etc. | Macmillan; |
| Place of publication, distribution, etc. | New York, |
| Name of publisher, distributor, etc. | St. Martin's Press, |
| Date of publication, distribution, etc. | 1960. |
| 300 ## - PHYSICAL DESCRIPTION | |
| Extent | viii, 372 p. |
| Other physical details | illus., port. |
| Dimensions | 23 cm. |
| 600 10 - SUBJECT ADDED ENTRY--PERSONAL NAME | |
| Personal name | Hitti, Philip K. |
| Fuller form of name | (Philip Khuri), |
| Dates associated with a name | 1886-1978. |
| 650 #0 - SUBJECT ADDED ENTRY--TOPICAL TERM | |
| Topical term or geographic name entry element | Islam. |
| 700 1# - ADDED ENTRY--PERSONAL NAME | |
| Personal name | Winder, R. Bayly |
| Fuller form of name | (Richard Bayly), |
| Dates associated with a name | 1920-1988, |
| Relator term | joint ed. |
| 906 ## - LOCAL DATA ELEMENT F, LDF (RLIN) | |
| a | 0 |
| b | cbc |
| c | premunv |
| d | u |
| e | ncip |
| f | 19 |
| g | y-gencatlg |
| 942 ## - ADDED ENTRY ELEMENTS (KOHA) | |
| Source of classification or shelving scheme | Dewey Decimal Classification |
| Koha item type | Books |
| Withdrawn status | Lost status | Source of classification or shelving scheme | Damaged status | Not for loan | Collection code | Home library | Current library | Shelving location | Date acquired | Source of acquisition | Total Checkouts | Full call number | Barcode | Date last seen | Copy number | Price effective from | Koha item type | Public note |
|---|---|---|---|---|---|---|---|---|---|---|---|---|---|---|---|---|---|---|
| Dewey Decimal Classification | Not For Loan | Non-fiction | Asiatic Society Library | Asiatic Society Library | General Stacks | 01/07/2021 | ASB Collection | 297.09 KRW | 103840 | 01/07/2021 | C-1 | 01/07/2021 | Books | RARE | ||||
| Dewey Decimal Classification | Not For Loan | Non-fiction | Asiatic Society Library | Asiatic Society Library | General Stacks | 01/07/2021 | ASB Collection | 297.09 KRW | 103841 | 01/07/2021 | C-2 | 01/07/2021 | Books | RARE | ||||
| Dewey Decimal Classification | Not For Loan | Non-fiction | Asiatic Society Library | Asiatic Society Library | General Stacks | 01/07/2021 | ASB Collection | 297.09 KRW | 103842 | 01/07/2021 | C-3 | 01/07/2021 | Books | RARE |